|
|
|
|
| LEADER |
01494nam a2200409 a 4500 |
| 001 |
nkc20112171573 |
| 003 |
CZ PrNK |
| 005 |
20110428151848.0 |
| 007 |
ta |
| 008 |
110301s2010 xr a e f 000 0 cze |
| 015 |
|
|
|a cnb002171573
|
| 020 |
|
|
|a 978-80-7290-454-9
|q (brož.)
|
| 035 |
|
|
|a (OCoLC)724298041
|
| 040 |
|
|
|a BOA001
|b cze
|d ABA001
|
| 072 |
|
7 |
|a 54
|x Chemie. Mineralogické vědy
|2 Konspekt
|9 10
|
| 080 |
|
|
|a 54
|2 MRF
|
| 080 |
|
|
|a 502:37.03
|2 MRF
|
| 080 |
|
|
|a (072)
|2 MRF
|
| 100 |
1 |
|
|a Čapek Adamec, Martin,
|d 1979-
|7 mzk2011631258
|4 aut
|
| 245 |
1 |
0 |
|a Proč se nebát chemie? :
|b příručka k projektu Alma Mater Studiorum /
|c Martin Adamec
|
| 260 |
|
|
|a Praha :
|b UK v Praze, Pedagogická fakulta,
|c 2010
|
| 300 |
|
|
|a 52 s. :
|b barev. il. ;
|c 21 cm
|
| 504 |
|
|
|a Obsahuje bibliografické odkazy
|
| 650 |
0 |
7 |
|a chemie
|7 ph114237
|2 czenas
|
| 650 |
0 |
7 |
|a environmentální výchova a vzdělávání
|7 ph119964
|2 czenas
|
| 650 |
0 |
9 |
|a chemistry
|2 eczenas
|
| 650 |
0 |
9 |
|a environmental education
|2 eczenas
|
| 655 |
|
7 |
|a metodické příručky
|7 fd132826
|2 czenas
|
| 655 |
|
9 |
|a methodological manuals
|2 eczenas
|
| 710 |
2 |
|
|a Alma Mater Studiorum (projekt)
|7 kn20110405004
|
| 910 |
2 |
|
|a BOA001
|b 2-1264.280
|
| 928 |
9 |
|
|a Pedagogická fakulta Univerzity Karlovy
|
| 928 |
9 |
|
|a Univerzita Karlova v Praze, Pedagogická fakulta
|
| 990 |
|
|
|a BK
|
| 995 |
|
|
|a 01
|
| 991 |
|
|
|b 201104
|c NOV
|e n
|
| 996 |
6 |
|
|b 2610473498
|c 2-1264.280
|l MZK
|r Sklad / do 1 hodiny
|n 0
|p p.v.
|w 001173413
|u 000010
|a 1
|e BOA001
|j MZK50
|s P
|